| 000 | 00781nam a2200217 i 4500 | ||
|---|---|---|---|
| 001 | 56119 | ||
| 003 | ES-MaACL | ||
| 005 | 20231111062525.0 | ||
| 007 | t| | ||
| 008 | 031003s1982 sp ||||1| spa d | ||
| 100 | 1 |
_aDíaz-Plaja, Guillermo, _d1909-1984 _9162428 |
|
| 245 | 1 | 3 |
_aEl campo en la literatura española / _cGuillermo Díaz-Plaja. |
| 260 |
_a[Madrid] : _bBanco de Crédito Agrícola, _c[1982] |
||
| 300 |
_a343 p. : _bil. ; _c30 cm. |
||
| 490 | 1 | _aBiblioteca Cultural del Banco de Crédito Agrícola | |
| 650 | 4 |
_aLiteratura española- _xHistoria y crítica _914560 |
|
| 650 | 4 |
_aNaturaleza- _vEn la literatura. _9160836 |
|
| 830 | 0 |
_aBiblioteca Cultural del Banco de Crédito Agrícola _9230372 |
|
| 852 |
_aES-MaACL _jL-3591 _bR.104564 |
||
| 999 |
_c56119 _d56119 |
||